ARRUPE JESUIT UNIVERSITY

CORONAVIRUS -STOP THE SPREAD - CLEAN,DISINFECT,COVER

The labour history of South Africa in source materials (1806-1940) / (Record no. 122190)

MARC details
000 -LEADER
fixed length control field 00896cam a22002894a 4500
001 - CONTROL NUMBER
control field 5496080
003 - CONTROL NUMBER IDENTIFIER
control field ARRUPE
005 - DATE AND TIME OF LATEST TRANSACTION
control field 20150313163913.0
008 - FIXED-LENGTH DATA ELEMENTS--GENERAL INFORMATION
fixed length control field 050913s2004 rh ab b 000 0 eng
010 ## - LIBRARY OF CONGRESS CONTROL NUMBER
LC control number 2005328489
020 ## - INTERNATIONAL STANDARD BOOK NUMBER
International Standard Book Number 0908307810
035 ## - SYSTEM CONTROL NUMBER
System control number (OCoLC)ocm62118561
035 ## - SYSTEM CONTROL NUMBER
System control number (NNC)5496080
040 ## - CATALOGING SOURCE
Original cataloging agency DLC
Transcribing agency DLC
Modifying agency INU
042 ## - AUTHENTICATION CODE
Authentication code lcode
043 ## - GEOGRAPHIC AREA CODE
Geographic area code f-sa---
050 ## - LIBRARY OF CONGRESS CALL NUMBER
Classification number HD8801.
Item number M695 2004
300 ## - PHYSICAL DESCRIPTION
Other physical details ill., maps ;
Dimensions 23 cm.
100 1# - MAIN ENTRY--PERSONAL NAME
Personal name Mpofu, Elias.
9 (RLIN) 15526
245 14 - TITLE STATEMENT
Title The labour history of South Africa in source materials (1806-1940) /
Statement of responsibility, etc Elias Mpofu.
260 ## - PUBLICATION, DISTRIBUTION, ETC. (IMPRINT)
Place of publication, distribution, etc Mount Pleasant, Harare, Zimbabwe :
Name of publisher, distributor, etc University of Zimbabwe Publications,
Date of publication, distribution, etc 2004.
300 ## - PHYSICAL DESCRIPTION
Extent xi, 137 p. :
650 #0 - SUBJECT ADDED ENTRY--TOPICAL TERM
Topical term or geographic name as entry element Labor movement
Geographic subdivision South Africa
General subdivision History.
-- Sources.
9 (RLIN) 15527
942 ## - ADDED ENTRY ELEMENTS (KOHA)
Source of classification or shelving scheme Library of Congress Classification
Koha item type Monograph ( Printed materials)
948 1# - LOCAL PROCESSING INFORMATION (OCLC); SERIES PART DESIGNATOR (RLIN)
Series part designator, SPT (RLIN) 20060124
b (OCLC) c
c (OCLC) pg2032
d (OCLC) MPS
948 2# - LOCAL PROCESSING INFORMATION (OCLC); SERIES PART DESIGNATOR (RLIN)
Series part designator, SPT (RLIN) 20090218
b (OCLC) a
c (OCLC) dc21
d (OCLC) MPS
Holdings
Withdrawn status Lost status Source of classification or shelving scheme Damaged status Not for loan Collection code Home library Current library Shelving location Date acquired Total Checkouts Full call number Barcode Date last seen Price effective from Koha item type
    Library of Congress Classification     Main Collection ARRUPE LIBRARY ARRUPE LIBRARY Main Collection 25/02/2015   HD8801. M695 2004 46500001000 25/02/2015 25/02/2015 Monograph ( Printed materials)

 

Arrupe Library. PO Box MP320 Mt Pleasant, Harare, Zimbabwe
263 242 745411|librarian@aju.ac.zw